Villes d'Italie - Statistiques

Statistiques générales
  • Ce quiz a été pris 135 fois
  • Le résultat moyen est 18 sur 36
Statistiques - réponses
regions villes Habs % Correct
Lombardie Milan 1.3m
97%
Latium Rome 2.7m
97%
Campanie Naples 913k
95%
Vénétie Venise 250k
95%
Piémont Turin 840k
94%
Sicile Palerme 630k
87%
Toscane Florence 360k
82%
Ligurie Gênes 558k
82%
Emilie-Romagne Bologne 387k
78%
Pouilles Bari 316k
75%
Sardaigne Cagliari 148k
68%
Vénétie Verone 255k
66%
Toscane Pise 88k
65%
Sicile Catane 298k
61%
Emilie-Romagne Parme 196k
55%
Frioul-Vénétie Julienne Trieste 198k
54%
Lombardie Bergame 119k
49%
Sicile Messine 218k
43%
Sicile Syracuse 116k
43%
Vénétie Padoue 206k
40%
Frioul-Vénétie Julienne Udine 97k
36%
Emilie-Romagne Modène 184k
34%
Pouilles lecce 94k
33%
Lombardie Brescia 196k
32%
Lombardie Côme 83k
32%
Trentin-haut-Adige Trente 118k
30%
Campanie Salerne 127k
27%
Ligurie La spezia 92k
26%
Pouilles Tarente 188k
26%
Ombrie Pérouse 161k
25%
Abruzzes Pescara 118k
25%
Pouilles Brindisi 82k
23%
Emilie-Romagne Ravenne 155k
21%
Sardaigne Olbia 61k
15%
Pouilles Foggia 145k
14%
Sicile Marsala 79k
6%
Aucun quiz correspondant
Distribution des résultats
% des personnes avec chaque résultat
Percentile par nombre de réponses
Votre historique - résultats
Vous n’avez pas pris ce quiz